000 00498nmm a2200169Ia 4500
008 251105s9999||||xx |||||||||||||||||und||
020 _a9788499405339
041 _aspa
100 _aHussey, Christopher
245 0 _aLo pintoresco : Estudios desde un punto de vista
264 _a[Madrid, España] :
_bBiblioteca Nueva,
_c2013
300 _a364 páginas
490 _aPaisaje y teoría
650 _aArts in general
856 _uhttps://public.digitaliapublishing.com/a/45932
942 _cCF
999 _c92726
_d92726